00853nam a22002177a 4500003000500000005001700005008004100022010001100063011001100074035001100085040000900096100003200105245014000137260004000277500006000317502008200377650002700459650002800486650005700514856006400571CHAP20220817044513.0120117s2011 mx r 00010 spa d a102744 a103716 a114405 cCHAP1 aDávila Mata, Luis Javier.10aDiagnostico de los recursos naturales en un ejido forestal de Texcoco, Estado de Méxicoh[En línea]c/por Luis Javier Dávila Mata aChapingo, Méx. :bEl autor,c2011 aPara ver el contenido del material haga clic en la liga aTesis (Ing. en Recursos Naturales Renovables) -- UACH. Departamento de Suelos14aBosquesxValoración.14aEjidosxMéxico (Edo.)14aRecursos naturalesxAprovechamientozMéxico(Edo.). 3Finding aiduhttp://10.13.5.2/tesis/114405.pdfzTeclea aqui